Statistics for Arctic Monkeys - Sculptures of Anything Goes (Lyrics)

Click here to take the quiz!

General Stats

  • This quiz has been taken 38 times
  • The average score is 117 of 179

Answer Stats

Answer% Correct
a
100%
I
97%
Anything
90%
Goes
90%
of
90%
sculptures
90%
The
90%
the
90%
to
90%
be
87%
it
87%
on
87%
On
87%
you
87%
you?
87%
am
83%
How
83%
in
83%
supposed
80%
your
80%
I'm
77%
Italian
77%
my
77%
TV
77%
and
73%
And
73%
me
73%
ever
70%
manage
70%
Spanish
70%
thinks
70%
against
67%
Blank
67%
eyes
67%
Flowing
67%
gallery
67%
if
67%
marble
67%
Sometime
67%
still
67%
that
67%
towards
67%
walls
67%
When
67%
canvasses
63%
future
63%
gasp,
63%
mother
63%
stairs
63%
time
63%
what
63%
While
63%
wondering
63%
beliefs
60%
by
60%
City
60%
get
60%
help
60%
new
60%
Now,
60%
now
60%
Performing
60%
roll
60%
those
60%
with
60%
With
60%
bubble
57%
cause
57%
come
57%
good
57%
idea
57%
Is
57%
leant
57%
long
57%
out
57%
scene?
57%
sense
57%
sound
57%
talking
57%
that's
57%
them
57%
they
57%
used
57%
Village
57%
wherever
57%
chandelier
53%
coffee
53%
horrible
53%
Leading
53%
Life
53%
longing
53%
loud
53%
not
53%
relatability
53%
retired
53%
simulation
53%
trying
53%
untied
53%
Whilst
53%
ain't
50%
almost
50%
Flash
50%
From
50%
infallible
50%
Puncturing
50%
smile,
50%
socking
50%
spies
50%
Baby,
47%
grind
47%
Guess
47%
Hallelujah
47%
messages
47%
said
47%
since
47%
vague
47%
cartridge
43%
for
43%
mornings
43%
pretty
43%
tricky
43%
umbrella
43%
want
43%
angle,
40%
I'll
40%
mixed
40%
sing
40%
'09
37%
around
37%
kinda
37%
twizzling
27%
day
10%
tunes
10%

Score Distribution

Percentile by Number Answered

Percent of People with Each Score

Your Score History

You have not taken this quiz